El Agrarismo mexicano y la reforma agraria : (Record no. 66262)

MARC details
000 -LEADER
fixed length control field 00685cam a2200217 4500
008 - FIXED-LENGTH DATA ELEMENTS--GENERAL INFORMATION
fixed length control field r19741959mx spa
050 04 - LIBRARY OF CONGRESS CALL NUMBER
Classification number HD235
Item number S54 1974
100 1# - MAIN ENTRY--PERSONAL NAME
Personal name Silva Herzog, Jesús
245 13 - TITLE STATEMENT
Title El Agrarismo mexicano y la reforma agraria :
Remainder of title exposición y crítica /
Statement of responsibility, etc Jesús Silva Herzog.
250 ## - EDITION STATEMENT
Edition statement 1 reimp.
260 ## - PUBLICATION, DISTRIBUTION, ETC. (IMPRINT)
Place of publication, distribution, etc México :
Name of publisher, distributor, etc Fondo de Cultura Económica,
Date of publication, distribution, etc 1974
300 ## - PHYSICAL DESCRIPTION
Extent 627 p. ;
Dimensions 21cm.
440 #0 - SERIES STATEMENT/ADDED ENTRY--TITLE
Title Vida y pensamiento de México
504 ## - BIBLIOGRAPHY, ETC. NOTE
Bibliography, etc Incluye bibliografías e índice
505 ## - FORMATTED CONTENTS NOTE
Formatted contents note BEE
650 #4 - SUBJECT ADDED ENTRY--TOPICAL TERM
Topical term or geographic name as entry element Tenencia de la tierra
Geographic subdivision México
650 #7 - SUBJECT ADDED ENTRY--TOPICAL TERM
Topical term or geographic name as entry element Reforma agraria
Source of heading or term Lemb
942 ## - ADDED ENTRY ELEMENTS (KOHA)
Source of classification or shelving scheme Biblioteca del Cogreso de los Estados Unidos
Koha item type Libro
Holdings
Estado de pérdida Fuente de clasificación Estado del daño No para préstamo Ubicación permanente Ubicación actual Apartado o colección Fecha de adquisición Edición Dependencia de educación superior (DES) Área del conocimiento Clasificación Código de Barras Date last seen Número de copia Tipo de recurso
  Biblioteca del Cogreso de los Estados Unidos     Biblioteca de la Preparatoria Isaac Arriaga Biblioteca de la Preparatoria Isaac Arriaga General 14/03/2019 2a.ed Nivel Medio Superior Ciencias Sociales y Administrativas HD325 S54 1974 PIA000000918 14/03/2019 C:1 Libro